01002nas a2200241Ia 4500001001100000003000900011008004100020040001300061040001300074041001300087100003800100210001600138222001600154245009700170250001100267260003900278501008600317300001000403310001600413362003300429500026200462650003600724R017/H5419IT-RoPAU151124c99999999xx |||||||||||| ||und|| aIT-RoPAU cIT-RoPAU aITALIANO aAA.VV. gCodice Aut. SPICS: 12000 aFILMCRITICA aFilmcritica aFILMCRITICA SCUOLA, ANNO 7-N. 29 (MARZO 2005)bFilmcritica Scuola, Anno 7-N. 29 (Marzo 2005) a1a ed. aMONTEPULCIANO (SI)bLE BALZEc2005 bPaulus - SPICS - Società San Paolo EM (non-commercial uses only)cCopyright2015 a16 p. aTRIMESTRALE aANNO 007, N. 29 (MARZO 2005) aSupplemento Alla Rivista Filmcritica N. 553. Storia: che Passione! di A.M.Ciai. Cinestoria: Cinema Americano di E. Bruno. Classic: Paisà di R. Rossellini ) a Cura di A. Cappabianca). Cinema e Letteratura: Neverland - un Sogno per la Vita di M. Forster (A  aCINEMAvPUBBLICAZIONE PERIODICA